| 000 | 00630nam a2200229 a 4500 | ||
|---|---|---|---|
| 001 | 000023938 | ||
| 003 | DO-SdBNP | ||
| 005 | 20180406151129.0 | ||
| 007 | 000023938 | ||
| 008 | 130522s 000 spa d | ||
| 020 | _a978994512201 | ||
| 040 |
_aBPMET _bspa _cBPMET |
||
| 100 | 1 | _4Beecher Stowe, Harriet Elizabeth | |
| 245 | 3 | _aLa cabaña del tío Tom. | |
| 260 |
_aSanto Domingo : _c[200?] |
||
| 300 |
_a79 p. _bil. _c23 cm. |
||
| 490 | _aBiblioteca Santillana | ||
| 830 | _lBiblioteca Santillana | ||
| 942 |
_2ddc _cBK |
||
| 945 | _aRemanejado para la BNPHU, 2018 / VM | ||
| 956 |
_aVMATEO _b10 _c20150922 _lBPMSU _h0069 |
||
| 999 |
_c7262 _d7262 |
||